| 000 | 00761nas a2200253 4500 | ||
|---|---|---|---|
| 001 | BR8706328 | ||
| 003 | BR-BrBNA | ||
| 005 | 20231205090851.0 | ||
| 007 | ta | ||
| 008 | 230509b bl.|||p| |||| 00| 00por d | ||
| 040 |
_aBR-BrBNA _bpor _cBiblioteca Nacional de Agricultura |
||
| 041 | _a(Pt) | ||
| 072 | _aL60; M12 | ||
| 100 | 1 | _aMello, R. de L.S. | |
| 245 | 1 | _aFauna malacologica do meso-litoral norte de Pernambuco, Olinda | |
| 650 | _aMALACOLOGIA | ||
| 650 | _aMOLUSCO | ||
| 650 | _aECOLOGIA AQUATICA | ||
| 650 | _aTAXONOMIA | ||
| 650 | _aPERNAMBUCO | ||
| 773 | 0 |
_tAnais da Universidade Federal Rural de Pernambuco (Brazil) _xISSN 0100-0292 _g(1981), v. 6 p. 127-140 _wBR8706328 |
|
| 909 |
_a202311 _bLúcia _c55 _dLúcia Elande |
||
| 942 |
_2AGRIS _n0 _cANA |
||
| 999 |
_c121326 _d121326 |
||